LEADER 02830oam 2200517zu 450 001 9910958216003321 005 20251116233816.0 035 $a(CKB)2560000000299265 035 $a(SSID)ssj0000820928 035 $a(PQKBManifestationID)11446389 035 $a(PQKBTitleCode)TC0000820928 035 $a(PQKBWorkID)10870510 035 $a(PQKB)11239959 035 $a(StDuBDS)EDZ0000107408 035 $a(MiAaPQ)EBC5745549 035 $a(PPN)227911830 035 $a(EXLCZ)992560000000299265 100 $a20160829d2012 uy 101 0 $aeng 135 $aur||||||||||| 181 $ctxt$2rdacontent 182 $cc$2rdamedia 183 $acr$2rdacarrier 200 10$aLiberalism undressed /$fJethro K. Lieberman 205 $a1st ed. 210 $aOxford $cOxford University Press$d2013 215 $a1 online resource 300 $aBibliographic Level Mode of Issuance: Monograph 311 08$a0-19-991984-4 311 08$a0-19-998037-3 320 $aIncludes bibliographical references and index. 327 $aCover -- Contents -- 1. The Liberal Premise -- 2. Constructing Harm from Natural Rights: The Cases of Locke and Nozick -- 3. The Meaning of Harm Derived from Interests: Joel Feinberg's Harm Principle -- 4. Collective Harms and the Market: Problems of Causation -- 5. Taxation, Welfare, and Benefits -- 6. The Duty to Act: Toward the Fiduciary Ethic -- 7. The Forms of Intervention -- 8. What Who? -- 9. Paternalism and the Timeline -- 10. Harm to Norms -- 11. Liberalism Redressed -- Appendix: Four Liberal Premises and Their Problems -- Acknowledgments -- Notes -- References -- Index -- A -- B -- C -- D -- E -- F -- G -- H -- I -- J -- K -- L -- M -- N -- O -- P -- R -- S -- T -- U -- V -- W -- Z. 330 8 $aDuring the past 40 years, many of liberalism's most distinguished defenders have presented complex, controversial, abstruse, and even impenetrable theories to justify liberal institutions and practices, often relying on metaphysical constructs, imaginary beings, and fanciful events to describe abstract liberal principles that rarely reach real-world problems. This book proposes that John Stuart Mill's harm principle - that the state may act only to prevent harm to others - can justify a government capable of dealing with pressing modern problems of human harm while restrained enough to provide people freedom to live life on their own terms. 606 $aLiberalism 606 $aLaw, Politics & Government$2HILCC 606 $aHuman Rights$2HILCC 615 0$aLiberalism. 615 7$aLaw, Politics & Government 615 7$aHuman Rights 676 $a320.51 700 $aLieberman$b Jethro K$g(Jethro Koller),$0247050 801 0$bPQKB 906 $aBOOK 912 $a9910958216003321 996 $aLiberalism undressed$94479079 997 $aUNINA